Statistiques concernant Pokémon- Les Apparitions Massives

Cliquez ici pour prendre le quiz!

Statistiques générales

  • Ce quiz a été pris 14 fois
  • Le résultat moyen est 35 sur 100

Statistiques - réponses

VersionsPokémonLieux% Correct
NoirBalignonRoute 11
60%
DynavoltLes Éoliennes
60%
EmbrylexRoute 206
60%
MalosseRoute 9
60%
MarcacrinRoute 217
60%
MedhyènaRoute 1
60%
MedhyènaRoute 9
60%
OkéokéRoute 2
60%
ParecoolForêt Vestigion
60%
QueuloriorRoute 5
60%
SkittyRoute 222
60%
Rubis ,Saphir et ÉmeraudeSkittyRoute 116
60%
TarsalRoute 34
60%
Or et ArgentTaurosRoute 38
60%
ZigzatonRoute 202
60%
AbsolRoute 213
40%
Rubis et SaphirArakdoRoute 102,114,117 et 120
40%
ArakdoLac Vérité
40%
BalbutoRoute 3
40%
CadoizoRoute 216/217
40%
Diamant, Perle et PlatineCanartichoRoute 221
40%
Blanc, Noir , Noir 2 et Blanc 2CanartichoRoute 1
40%
CoquiperlChenal 19
40%
CorayonRoute 230
40%
DébugantRoute 10
40%
DoduoRoute 12
40%
DoduoRoute 201
40%
ExcelangueLac Courage
40%
FouinetteRoute 7
40%
GlouptiRoute 3
40%
GoéliseCarmin sur Mer
40%
ÉmeraudeGrainipiotRoute 102,117 et 120
40%
GranivolRoute 18
40%
KrabbyChenal 226
40%
LaporeilleRoute 25
40%
Or HeartGold et Argent SoulSilverLeveinardRoute 13
40%
LippoutiLac Savoir
40%
MagnétiForge Fuego
40%
MakuhitaRoute 225
40%
MétamorphRoute 47
40%
Argent SoulSilverMysdibuleRoute 9
40%
Blanc et Blanc 2NégapiRoute 6
40%
BlancParasRoute11
40%
PhanpyRoute 207
40%
Noir et Noir 2PosipiRoute 6
40%
RamolossAutel Abondance
40%
Or ,Argent et CristalRémoraidRoute 44
40%
RémoraidRoute 44
40%
Diamant et PerleRoucoolRoute 229
40%
PlatineScarabruteRoute 229
40%
SnubbullRoute 38
40%
SnubbullRoute 209
40%
SnubbullRoute 38
40%
SpindaRoute 227
40%
SpoinkRoute 214
40%
TarinorRoute 206
40%
Or HeartGoldTénéfixRoute 9
40%
TerhalRoute 228
40%
VoltorbeRoute 218
40%
YanmaRoute 35
40%
YanmaRoute 14
40%
YanmaRoute 35
40%
AvaltoutRoute 9
20%
BarbichaMauville
20%
CacturneMont Renevers
20%
CoxyclaqueRoute 22
20%
CradopaudRoute 8
20%
CrikzikForêt de Jade
20%
Blanc et NoirFérosingeRoute 15
20%
FouinarRoute 7
20%
HélédelleRoute 13
20%
HippodocusDésert Délassant
20%
HippopotasRoute 4
20%
HypnomadeVestiges du Rêve
20%
InsolourdoAntre Noir
20%
InsolourdoRoute 208
20%
InsolourdoAntre Noir
20%
LovdiscRoute 27
20%
LumivoleRoute 3
20%
MaraisteRoute 8
20%
MarillMont Creuset
20%
MarillMont Creuset
20%
MaskadraRoute 11
20%
MigalosRoute 22
20%
Blanc 2M.MimeRoute 20
20%
MucioleRoute 3
20%
NatuRoute 224
20%
NatuRoute 5
20%
NoeunoeufRoute 18
20%
OsselaitRoute 203
20%
PifeuilRoute 114
20%
PolichombrRoute 13
20%
PomdepikRoute 16
20%
QwilfishRoute 32
20%
QwilfishRoute 32
20%
Noir 2 et Blanc 2RapasdepicRoute 15
20%
RelicanthRoute 12
20%
Noir 2SimularbreRoute 20
20%
SoporifikRoute 215
20%
TyltonRoute 45
20%

Distribution des résultats

Percentile par nombre de réponses

% des personnes avec chaque résultat

Votre développement - résultats

Vous n’avez pas pris ce quiz